Nêm nếm yêu thương

Sách giới thiệu những công thức và cách chế biến các món ăn của tác giả từ đơn giản tới cầu kì như sấu ngâm, mắm tôm chua, chân gà ngâm sả ớt, thịt ba chỉ rang cháy cạnh, chân giò hầm nấm, khoai tây nghiền xốt kem tươi... cho bữa cơm gi...

Description complète

Enregistré dans:
Détails bibliographiques
Auteur principal: Đào Tuyết Trinh
Format: Livre
Langue:Vietnamese
Publié: H. Thế giới 2019
Sujets:
Tags: Ajouter un tag
Pas de tags, Soyez le premier à ajouter un tag!
Thư viện lưu trữ: Thư viện Trường Đại học Nam Cần Thơ
LEADER 01253nam a22002057a 4500
001 NCT_87471
008 201201b xxu||||| |||| 00| 0 vie d
999 |c 4310  |d 4310 
020 |a 9786047763368  |c 149000 
082 0 4 |2 23rd ed.  |a 642.1  |b Tr312 
100 1 |a Đào Tuyết Trinh 
245 1 0 |a Nêm nếm yêu thương  |c Đào Tuyết Trinh 
260 |a H.  |b Thế giới  |c 2019 
300 |a 172 tr.  |b ảnh màu  |c 21cm 
520 3 |a Sách giới thiệu những công thức và cách chế biến các món ăn của tác giả từ đơn giản tới cầu kì như sấu ngâm, mắm tôm chua, chân gà ngâm sả ớt, thịt ba chỉ rang cháy cạnh, chân giò hầm nấm, khoai tây nghiền xốt kem tươi... cho bữa cơm gia đình 
653 |a Công nghệ thực phẩm 
942 |2 ddc  |c BK 
952 |0 0  |1 0  |2 ddc  |4 0  |6 642_100000000000000_TR312  |7 0  |9 20849  |a 000001  |b 000001  |d 2020-12-01  |o 642.1 Tr312  |p MD.18138  |r 2020-12-01  |v 149000.00  |w 2020-12-01  |y BK 
952 |0 0  |1 0  |2 ddc  |4 0  |6 642_100000000000000_TR312  |7 0  |9 20850  |a 000001  |b 000001  |d 2020-12-01  |o 642.1 Tr312  |p MD.18139  |r 2020-12-01  |v 149000.00  |w 2020-12-01  |y BK 
980 |a Thư viện Trường Đại học Nam Cần Thơ